| 000 | 00000nam 2200000za 4500 |
| 001 | 9.847014 |
| 003 | CaOODSP |
| 005 | 20221107153337 |
| 007 | cr ||||||||||| |
| 008 | 171109s1997 onc o f000 0 eng d |
| 040 | |aCaOODSP|beng |
| 043 | |an-cn--- |
| 086 | 1 |aCS11-0022/1997E-PDF |
| 245 | 00|aCanada Year Book 1997 |h[electronic resource] : |bteachers' kit. |
| 260 | |a[Ottawa] : |bStatistics Canada, |c[1997] |
| 300 | |a1 v. in various pagings |
| 500 | |aIssued also in French under title: L'Annuaire du Canada 1997 : trousse de l'enseignant. |
| 500 | |aCover title. |
| 500 | |aDigitized edition from print [produced by Statistics Canada]. |
| 520 | 3 |a"For use in schools, the kit contains specially developed educational materials designed to highlight and utilize information contained in Canada Year Book 1997 and/or Canada Year Book 1997 on CD-ROM"--Provided by publisher. |
| 530 | |aIssued also in print format. |
| 692 | 07|2gccst|aYearbooks |
| 692 | 07|2gccst|aEducational resources |
| 692 | 07|2gccst|aElementary education |
| 692 | 07|2gccst|aSecondary education |
| 710 | 2 |aStatistics Canada. |
| 775 | 08|tL'Annuaire du Canada 1997 |w(CaOODSP)9.847021 |
| 856 | 40|qPDF|s6.66 MB|uhttps://publications.gc.ca/collections/collection_2017/statcan/CS11-0022-1997-eng.pdf |
| 986 | |a11F0022XPE |